Electron scattering for nuclear and nucleon structure- (E-Book) (Record no. 218038)
[ view plain ]
| 000 -LEADER | |
|---|---|
| fixed length control field | 00945 a2200253 4500 |
| 003 - CONTROL NUMBER IDENTIFIER | |
| control field | Nust |
| 005 - DATE AND TIME OF LATEST TRANSACTION | |
| control field | 20170207171638.0 |
| 020 ## - INTERNATIONAL STANDARD BOOK NUMBER | |
| International Standard Book Number | 0 |
| 020 ## - INTERNATIONAL STANDARD BOOK NUMBER | |
| International Standard Book Number | 0 |
| 020 ## - INTERNATIONAL STANDARD BOOK NUMBER | |
| International Standard Book Number | 9780511535017 (eBook) |
| 035 ## - SYSTEM CONTROL NUMBER | |
| System control number | (Wa |
| 040 ## - CATALOGING SOURCE | |
| Transcribing agency | Nust |
| 082 04 - DEWEY DECIMAL CLASSIFICATION NUMBER | |
| Classification number | 539.72112,WAL |
| 100 1# - MAIN ENTRY--PERSONAL NAME | |
| Personal name | Walecka, John Dirk, |
| 245 10 - TITLE STATEMENT | |
| Title | Electron scattering for nuclear and nucleon structure- (E-Book) |
| Medium | [Elektronisk resurs] |
| Statement of responsibility, etc. | John Dirk Walecka. |
| 260 ## - PUBLICATION, DISTRIBUTION, ETC. | |
| Place of publication, distribution, etc. | Cambridge ; |
| -- | New York : |
| Name of publisher, distributor, etc. | Cambridge University Press, |
| Date of publication, distribution, etc. | 2001. |
| 300 ## - PHYSICAL DESCRIPTION | |
| Extent | xiii, 363 p. : |
| Other physical details | ill. ; |
| Dimensions | 26 cm. |
| 440 #0 - SERIES STATEMENT/ADDED ENTRY--TITLE | |
| Title | Cambridge monographs on particle physics, nuclear physics, and cosmology ; |
| Volume/sequential designation | 16 |
| 505 ## - FORMATTED CONTENTS NOTE | |
| Formatted contents note | Part 1: Introduction (Page-1) Part 2: General analysis (Page-29) Part 3: Quantum electrodynamics (Page-127) Part 4: Selected examples (Page-145) Part 5: Future directions (Page-261) |
| 650 #7 - SUBJECT ADDED ENTRY--TOPICAL TERM | |
| Topical term or geographic name entry element | Electrons |
| General subdivision | Scattering |
| 650 #7 - SUBJECT ADDED ENTRY--TOPICAL TERM | |
| Topical term or geographic name entry element | Nuclear structure |
| 651 ## - SUBJECT ADDED ENTRY--GEOGRAPHIC NAME | |
| Geographic name | E-Book |
| 655 #7 - INDEX TERM--GENRE/FORM | |
| Genre/form data or focus term | Electronic books. |
| 942 ## - ADDED ENTRY ELEMENTS (KOHA) | |
| Source of classification or shelving scheme | |
| Koha item type | Book |
| Withdrawn status | Lost status | Source of classification or shelving scheme | Damaged status | Not for loan | Collection code | Permanent Location | Current Location | Date acquired | Total Checkouts | Full call number | Barcode | Date last seen | Price effective from | Koha item type |
|---|---|---|---|---|---|---|---|---|---|---|---|---|---|---|
| Military College of Signals (MCS) | Military College of Signals (MCS) | 12/12/2016 | 539.72112 WAL | MCSEB-1793 | 12/08/2016 | 12/12/2016 | Book |
